Statistics for Top 50 most religious countries

Click here to take the quiz!

General Stats

  • This quiz has been taken 1,558 times
    (1,315 since last reset)
  • The average score is 30 of 50

Answer Stats

% of TheistsAnswer% Correct
81%India
86%
75%Saudi Arabia
86%
96%Iran
85%
84%Iraq
84%
82%Pakistan
83%
97%Egypt
81%
99%Indonesia
78%
73%Oman
78%
99%Yemen
78%
73%UAE
75%
95%Algeria
73%
99%Niger
73%
95%Qatar
73%
100%Vatican City
73%
84%Syria
72%
97%Afghanistan
71%
97%Morocco
70%
96%Nigeria
70%
76%Somalia
70%
71%Brazil
68%
96%Malaysia
66%
99%Bangladesh
65%
79%Ethiopia
65%
95%Mali
65%
72%Lebanon
63%
82%Nepal
63%
97%Thailand
63%
95%Chad
62%
83%Bhutan
59%
98%Mauritania
57%
94%D. R. Congo
55%
99%Sri Lanka
54%
75%Senegal
53%
96%Cambodia
52%
95%Ghana
51%
96%Philippines
50%
98%Djibouti
49%
80%South Sudan
49%
79%Peru
45%
96%Cameroon
43%
95%Rwanda
41%
98%Burundi
37%
95%Zambia
37%
72%Madagascar
36%
99%Malawi
34%
97%Comoros
33%
84%Romania
29%
83%El Salvador
28%
84%Nicaragua
27%
77%Bosnia
22%

Score Distribution

Percentile by Number Answered

Percent of People with Each Score

Your Score History

You have not taken this quiz since the last reset